000 00452nam a2200157Ia 4500
008 130318s9999 xx 000 0 und d
020 _a9780470404614
082 _a621.367 SHI/I
100 _aShih, Frank Y
245 _aImage processing and pattern recognition:Fundamentals and techniques
260 _bWiley
_aNew Jersey
_c2010
300 _a537
650 _aIMAGE PROCESSING
650 _aPATTERN RECOGNITION SYSTEMS
650 _aSIGNAL PROCESSING
999 _c2373
_d2373